Moment týždenný magazín Pravdy

Bibliographic Details
New Title:Magazín Pravdy
Previous Title:Nedeľná Pravda
Other Authors: Veselá, Táňa (Publishing director)
Format: Journal
Language:Slovak
PhysicalDescription:12 zv. 30 cm
Published: Bratislava Perex 1998-2009
ISSN:1335-406X
Subjects:

MARC

LEADER 00000cas a2200000 a 4500
001 vtls008880156
003 SK-MaSNL
005 20260228162242.0
008 160627d19982009xo wr p 0 0 b0slo d
022 |a 1335-406X 
035 |a (SVKBB03)vtls000030004 
040 |a SVKBB  |b slo  |c SVKBB  |d SAVUK  |d SNK  |e AACR2 
041 0 |a slo 
043 |a e-xo--- 
044 |a xo  |c SK 
080 |a 050  |x Seriálové publikácie. Periodiká  |2 konspekt 
080 |a 050  |2 2001 
210 0 |a Moment  |b (Bratisl.) 
222 0 |a Moment  |b (Bratislava) 
245 0 0 |a Moment  |b týždenný magazín Pravdy 
247 0 1 |a Moment  |b moderný spoločenský týždenník.  |f 1998-36/2001 
247 0 1 |a Moment  |b časopis, ktorý inšpiruje.  |f 37/2001-20/2002 
260 |a Bratislava  |b Perex  |c 1998-2009 
300 |a 12 zv.  |c 30 cm 
310 |a 1x týždenne 
362 0 |a Č. 41 (1998)-roč. 4, č. 44 (2002) ; č. 45 (2002)-č. 24 (18. jún 2009) 
500 |a Časopis je pokračovaním Nedeľnej Pravdy. Od č. 21/2002 vychádza časopis ako týždenný magazín Pravdy, samostatne nepredajný. Od 25.6.2009 vychádza pod názvom Magazín Pravdy 
500 |a Od č. 45 (2002) bez označenia ročníkov a ISSN 
500 |a Šéfredaktor: Táňa Veselá 
650 0 7 |a spoločnosť  |2 SNKPH  |9 1013 
650 0 7 |a kultúra  |2 SNKPH  |9 886 
650 0 7 |a osobnosti  |2 SNKPH  |9 29820 
700 1 |a Veselá, Táňa  |4 pbd  |9 6649 
772 0 |t Pravda  |x 1335-4051  |w vtls001467564 
780 0 0 |t Nedeľná Pravda 
785 0 2 |t Magazín Pravdy  |w vtls009530585 
910 |a snk 
916 |a 2001-2009 
999 |c 7293  |d 9223 
952 |0 0  |1 0  |3 Rekatalogizácia  |4 0  |7 0  |a SNK  |b SNK  |d 2006-04-10  |i snkČSP 1345/2004  |l 0  |o snkČSA 773/2002/1 D1  |p 17A1316685  |r 2026-02-21 19:52:10  |t č.1-15, neúplný  |w 2026-02-21  |y PREZ  |z chýba č. 9 
952 |0 0  |1 0  |4 0  |7 0  |a SNK  |b SNK  |d 2006-04-10  |i snkČSP 1347/2004  |l 0  |o snkČSA 773/2002/2 D1  |p 17A1191160  |r 2026-02-21 19:52:11  |t č.16-44, neúplný  |w 2026-02-21  |y PREZ  |z chýba č. 39 
952 |0 0  |1 0  |4 0  |7 0  |8 0  |a SNK  |b SNK  |d 2010-09-06  |f 1  |i snk2010/19125  |l 0  |o snkČSA 773/2008/1  |p 17A0661511  |r 2026-02-21 19:55:08  |t č.1-26  |w 2026-02-21  |y PREZ 
952 |0 0  |1 0  |4 0  |7 0  |8 0  |a SNK  |b SNK  |d 2010-09-06  |f 1  |i snk2010/19128  |l 0  |o snkČSA 773/2008/2  |p 17A0661512  |r 2026-02-21 19:55:08  |t č.27-51 + mim. vyd. Ročenka  |w 2026-02-21  |y PREZ 
952 |0 0  |1 0  |4 0  |7 0  |a SNK  |b SNK  |d 2021-09-13  |i snkČSP 1152/2004  |l 0  |o snkČSA 773/2/1999/2 D1  |p 17A1348127  |r 2026-02-21 19:58:56  |t č. 20-36, neúplné  |w 2026-02-21  |y PREZ  |z Chýba č.: 33, 35, 36 
952 |0 0  |1 0  |4 0  |7 0  |8 0  |a SNK  |b SNK  |d 2013-03-12  |f 1  |i snk2013/5697  |l 0  |o snkČSA 773/2003/1  |p 17A0867878  |r 2026-02-21 20:23:48  |t č.1-26  |w 2026-02-21  |y PREZ 
952 |0 0  |1 0  |4 0  |7 0  |8 0  |a SNK  |b SNK  |d 2013-03-12  |f 1  |i snk2013/5698  |l 0  |o snkČSA 773/2003/2  |p 17A0867879  |r 2026-02-21 20:23:48  |t č.27-52  |w 2026-02-21  |y PREZ  |z chýba č. 49 
952 |0 0  |1 0  |4 0  |7 0  |8 0  |a SNK  |b SNK  |d 2013-03-12  |f 1  |i snk2013/5700  |l 0  |o snkČSA 773/2004/1  |p 17A0867880  |r 2026-02-21 20:23:48  |t č.1-26  |w 2026-02-21  |y PREZ  |z chýba č. 2 
952 |0 0  |1 0  |4 0  |7 0  |8 0  |a SNK  |b SNK  |d 2013-03-12  |f 1  |i snk2013/5701  |l 0  |o snkČSA 773/2004/2  |p 17A0867881  |r 2026-02-21 20:23:48  |t č.27-53  |w 2026-02-21  |y PREZ 
952 |0 0  |1 0  |4 0  |7 0  |a SNK  |b SNK  |d 2013-03-05  |f 1  |i snkČSP 1330/2004  |l 0  |o snkČSA 773/2001/1  |p 17A0790588  |r 2026-02-21 20:23:52  |t č.1-18  |w 2026-02-21  |y PREZ 
952 |0 0  |1 0  |4 0  |7 0  |8 0  |a SNK  |b SNK  |d 2013-03-18  |f 1  |i snk2013/6295  |l 0  |o snkČSA 773/2005  |p 17A0867895  |r 2015-12-31 00:00:00  |t č. 1-52  |w 2026-02-21  |y PREZ 
952 |0 0  |1 0  |4 0  |7 0  |8 0  |a SNK  |b SNK  |d 2009-10-16  |f 1  |i snk2009/18810  |l 0  |o snkČSA 773/2006  |p 17A0609794  |r 2026-02-21 21:13:05  |t č.1-52 + mim. č. Ročenka  |w 2026-02-21  |y PREZ 
952 |0 0  |1 0  |4 0  |7 0  |8 0  |a SNK  |b SNK  |d 2009-10-16  |i snk2009/18811  |l 0  |o snkČSA 773/2006 D1  |p 17A0609795  |r 2026-02-21 21:13:05  |t č.1-52 + mim. č. Ročenka, neúpl.  |w 2026-02-21  |y PREZ  |z Chýba č. 7. 
952 |0 0  |1 0  |4 0  |7 0  |8 0  |a SNK  |b SNK  |d 2009-10-16  |f 1  |i snk2009/18819  |l 0  |o snkČSA 773/2007  |p 17A0609804  |r 2026-02-21 21:13:05  |t č.1-51 + mim. č. Ročenka  |w 2026-02-21  |y PREZ 
952 |0 0  |1 0  |4 0  |7 0  |8 0  |a SNK  |b SNK  |d 2009-10-16  |i snk2009/18820  |l 0  |o snkČSA 773/2007 D1  |p 17A0609805  |r 2026-02-21 21:13:05  |t č.1-51 + mim. č. Ročenka, neúpl.  |w 2026-02-21  |y PREZ  |z Chýba č. 3,41,45. 
952 |0 0  |1 0  |4 0  |7 0  |8 0  |a SNK  |b SNK  |d 2013-03-08  |f 1  |i snk2013/5426  |l 0  |o snkČSA 773/2009/1  |p 17A0867866  |r 2026-02-21 21:31:03  |t č.1-24  |w 2026-02-21  |y PREZ 
952 |0 0  |1 0  |4 0  |7 0  |8 0  |a SNK  |b SNK  |d 2013-03-08  |i snk2013/5428  |l 0  |o snkČSA 773/2009 D1  |p 17A0867867  |r 2026-02-21 21:31:03  |t č.1-24  |w 2026-02-21  |y PREZ 
952 |0 0  |1 0  |4 0  |7 0  |a SNK  |b SNK  |d 2013-03-05  |f 1  |i snkČSP 1344/2004  |l 0  |o snkČSA 773/2002/1  |p 17A0790221  |r 2026-02-21 21:31:08  |t č.1-15  |w 2026-02-21  |y PREZ 
952 |0 0  |1 0  |4 0  |7 0  |a SNK  |b SNK  |d 2013-03-05  |f 1  |i snkČSP 1346/2004  |l 0  |o snkČSA 773/2002/2  |p 17A0790220  |r 2026-02-21 21:31:08  |t č.16-44  |w 2026-02-21  |y PREZ